00497 2200169 4500001002100000005001500021035002000036245009500056100002000151250001700171300003400188260003800222082001000260084001600270020002200286650001900308INLIS00000000000111820250716112355 a0010-07250000241 aBelajar Bersama Temanmu Matematika untuk Sekolah Dasar Kelas V Volume 1 /cTim Gakho Tosho0 aTim Gakho Tosho aCetakan ke-1 axii, 180 hlm :bIlus ;c30 cm aJakarta :bPusat Perbukuan,c2021 a618.2 a618.2 TIM b a978-602-244-812-9 4aBuku Pelajaran